Randamgadu valamidan samayamayi (Record no. 75748)

MARC details
000 -LEADER
fixed length control field 00255nam a22001097a 4500
100 ## - MAIN ENTRY--AUTHOR NAME
Personal name Ambily, K.K.
245 ## - TITLE STATEMENT
Title Randamgadu valamidan samayamayi
260 ## - PUBLICATION, DISTRIBUTION, ETC. (IMPRINT)
Name of publisher Rubber, 713(October): 6-8.
Year of publication 2025
300 ## - PHYSICAL DESCRIPTION
Other physical details Malayalam
942 ## - ADDED ENTRY ELEMENTS (KOHA)
Koha item type Journals
Holdings
Withdrawn status Lost status Damaged status Not for loan Home library Current library Date acquired Koha item type
        RRII Library RRII Library 04/11/2025 Journals